000 01505nam a22002177a 4500
005 20260129145213.0
008 230607b ||||| |||| 00| 0 eng d
020 _q9780099469681
040 _cAL
041 _aeng
082 _223
_a823.914
_bMCES
100 _aIan McEwan
_9253157
245 _aSaturday
260 _aLondon
_bVintage Books
_c2005
300 _axii,279p.
_bPB
_c19x13cm.
365 _2English
_b820.00
_c
_d820.00
520 _aSaturday, February 15, 2003. Henry Perowne is a contented man - a successful neurosurgeon, the devoted husband of Rosalind, and proud father of two grown-up children. Unusually, he wakes before dawn, drawn to the window of his bedroom and filled with a growing unease. As he looks out at the night sky, he is troubled by the state of the world - the impending war against Iraq, a gathering pessimism since 9/11, and a fear that his city and his happy family life are under threat. Later, as Perowne makes his way through London streets filled with hundreds of thousands of anti-war protestors, a minor car accident brings him into a confrontation with Baxter, a fidgety, aggressive young man, on the edge of violence. To Perowne's professional eye, there appears to be something profoundly wrong with him. But it is not until Baxter makes a sudden appearance as the Perowne family gathers for a reunion, that Henry's fears seem about to be realised.
650 _aEnglish Fiction
_9121734
650 _aEnglish Literature
_9121735
942 _2ddc
_cDB
999 _c227441
_d227441